=LDR 00000nam 2200000 4500 =001 000231 =005 20250710115149 =035 ##$$a 0010-0725000050 =245 1#$$a Bubur pedas arum /$c Prima duantika =100 #$$a Prima duantika =250 ##$$a Cetakan pertama =300 ##$$a 24 hlm. : $b Ilus. ; $c 29,7 cm =856 ##$$a TBM As suhada =260 ##$$a Rawamangun :$b Badan pengembangan dan pembinaan bahasa,$c 2024 =082 ##$$a 398-209 598 =084 ##$$a 398-209 598 PRI b =020 ##$$a 978-623-118-823-6 =650 #4$$a Cerita anak-indonesia =650 #4$$a Cerita bergambar